000 00489nam a22001817a 4500
005 20251108164023.0
008 250721s1980 xx 000 0 ara d
082 1 4 _a216,5/فائ
100 1 _aفائز، أحمد
245 1 0 _aدستور الأسرة في ظلال القرآن /
264 1 _aبيروت :
_bمؤسسة الرسالة،
_c1980.
300 _a438ص
650 1 7 _aالإسلام
650 1 7 _aالفقه
650 1 7 _aالأسرة
942 _2ddc
_cBK
999 _c1596
_d1596